A smart energy policy : (Record no. 355471)

000 -LEADER
fixed length control field 01505cam a2200349 a 4500
001 - CONTROL NUMBER
control field 15552884
003 - CONTROL NUMBER IDENTIFIER
control field Nust- CAS-E0
005 - DATE AND TIME OF LATEST TRANSACTION
control field 20180118181402.0
008 - FIXED-LENGTH DATA ELEMENTS--GENERAL INFORMATION
fixed length control field 081211s2009 ctua b 001 0 eng
010 ## - LIBRARY OF CONGRESS CONTROL NUMBER
LC control number 2008052784
015 ## - NATIONAL BIBLIOGRAPHY NUMBER
National bibliography number GBA906072
Source bnb
016 7# - NATIONAL BIBLIOGRAPHIC AGENCY CONTROL NUMBER
Record control number 014883445
Source Uk
020 ## - INTERNATIONAL STANDARD BOOK NUMBER
International Standard Book Number 9780300149852
020 ## - INTERNATIONAL STANDARD BOOK NUMBER
International Standard Book Number 0300149859
035 ## - SYSTEM CONTROL NUMBER
System control number (OCoLC)ocn262432392
040 ## - CATALOGING SOURCE
Original cataloging agency DLC
Transcribing agency DLC
Modifying agency BTCTA
-- YDXCP
-- UKM
-- C#P
-- BWX
-- CDX
-- AGL
-- VP@
-- DLC
043 ## - GEOGRAPHIC AREA CODE
Geographic area code n-us---
050 00 - LIBRARY OF CONGRESS CALL NUMBER
Classification number HD9502.U52
Item number G75 2009
070 0# - NATIONAL AGRICULTURAL LIBRARY CALL NUMBER
Classification number HD9502.U52
Item number G75 2009
082 00 - DEWEY DECIMAL CLASSIFICATION NUMBER
Classification number 333.790973
Edition number 22
Author Mark GRI 2009
100 1# - MAIN ENTRY--PERSONAL NAME
Personal name Griffin, James M.,
Dates associated with a name 1944-
245 12 - TITLE STATEMENT
Title A smart energy policy :
Remainder of title an economist's Rx for balancing cheap, clean, and secure energy /
Statement of responsibility, etc. James M. Griffin.
260 ## - PUBLICATION, DISTRIBUTION, ETC.
Place of publication, distribution, etc. New Haven :
Name of publisher, distributor, etc. Yale University Press,
Date of publication, distribution, etc. c2009.
300 ## - PHYSICAL DESCRIPTION
Extent viii, 193 p. :
Other physical details ill. ;
Dimensions 25 cm.
504 ## - BIBLIOGRAPHY, ETC. NOTE
Bibliography, etc. note Includes bibliographical references (p. 179-187) and index.
505 0# - FORMATTED CONTENTS NOTE
Formatted contents note The three conflicting goals of energy policy -- The end of cheap oil? -- Oil security in an increasingly insecure world -- Climate change and the search for clean energy -- Climate change and the difficult search for institutions and policies -- A smart energy policy.
650 #0 - SUBJECT ADDED ENTRY--TOPICAL TERM
Topical term or geographic name entry element Energy policy
Geographic subdivision United States.
650 #0 - SUBJECT ADDED ENTRY--TOPICAL TERM
Topical term or geographic name entry element Climatic changes
Geographic subdivision United States.
906 ## - LOCAL DATA ELEMENT F, LDF (RLIN)
a 7
b cbc
c orignew
d 1
e ecip
f 20
g y-gencatlg
942 ## - ADDED ENTRY ELEMENTS (KOHA)
Source of classification or shelving scheme
Koha item type Book
Holdings
Withdrawn status Lost status Source of classification or shelving scheme Damaged status Not for loan Collection code Permanent Location Current Location Shelving location Date acquired Source of acquisition Total Checkouts Full call number Barcode Date last seen Price effective from Koha item type
            US-Pakistan Center for Advanced Studies in Energy (USPCAS-E) US-Pakistan Center for Advanced Studies in Energy (USPCAS-E) General Stacks 11/11/2013 Eagle Information Books   333.790973 GRI 2009 CAS-E0000447 10/25/2016 08/27/2014 Book
© 2023 Central Library, National University of Sciences and Technology. All Rights Reserved.